000 03218cam a22012254i 4500
003 PE-LiUPU
005 20250813185509.0
008 150625s1996 pe rb 000 0 spa d
035 _a(Sirsi) a36195
040 _aPE-LiUPU
_bspa
_cPE-LiUPU
_dPE-LiUPU
_erda
049 _aPRUA
082 0 4 _a364.3
_bH48
_221
100 1 _aHidalgo Jiménez, Humberto J.,
_eautor.
245 1 0 _aPsicología forense :
_braíces psicológicas del delito /
_cHumberto J. Hidlago Jiménez.
250 _a2a edición.
264 1 _aLima :
_bSan Marcos,
_c1996.
300 _a217 páginas ;
_c21 centímetros
336 _atext
_2rdacontent
337 _aunmediated
_2rdamedia
338 _avolume
_2rdacarrier
500 _a"Glosario"; (A-V).
504 _aIncluye Referencias bibliográficas.
505 0 _aIntroducción a la psicología forense -- Conducta delictiva -- Raíces psicológicas del delito -- Pericia psicológica -- Criterio psicológico de imputabilidad e imputabilidad -- Victimo logia -- Psicología criminalística -- Simulación y disimulación -- Casos ilustrativos de peritajes psicológicos.
526 _aP202
526 _aP201
526 _aP163
526 _aP162
526 _aP161
526 _aP160
526 _aP148
526 _aP147
526 _aP146
526 _aP145
526 _aP144
526 _aP143
526 _aP142
526 _aP141
526 _aP140
526 _aP139
526 _aP138
526 _aP137
526 _aP136
526 _aP135
526 _aP134
526 _aP133
526 _aP129
526 _aP128
526 _aP127
526 _aP120
526 _aP119
526 _aP118
526 _aP116
526 _aP115
526 _aP114
526 _aP110
526 _aP109
526 _aP108
526 _aP104
526 _aP103
526 _aP102
526 _aP99
526 _aP98
526 _aP97
526 _aP96
526 _aP95
526 _aP93
526 _aP90
526 _aP89
526 _aP88
526 _aP83
526 _aP82
526 _aP62
526 _aP59
526 _aP58
526 _aP57
526 _aP51
526 _aP49
526 _aP48
526 _aP47
526 _aP29
526 _aP24
526 _aP20
526 _aP19
526 _aP17
526 _aP15
526 _aP14
526 _aP12
526 _aP10
526 _aP09
526 _aP08
526 _aP07
526 _aP06
526 _aP05
526 _aP04
526 _aP01
541 _g111-0009398;
650 0 4 _aPsicología Forense.
650 0 4 _aDelincuencia
_xReferencias
_zPerú.
910 _baj
_cjc
_d20050620
942 _2ddc
_cBOOK
949 _a364.3 H48
_wDEWEY
_c1
_i55332
_lCCODEBUL1
_mBUL
_p4.00
_r0
_sY
_tBOOK
_u2015-06-25
_xEDUCACION
_PP33
_0COMPRA
_o.STAFF. Colección Ciencias de la Salud
994 _aC0
_bPEPRU
596 _a1
999 _a364.3 H48
_wDEWEY
_c44240
_i55332
_d44240
_e2019-5-20
_f2021-11-3
_g5
_lCCODEBUL1
_mBUL
_n10
_p4.00
_q2
_r0
_sY
_tBOOK
_u2015-6-25
_xSALUD
_zP33
_0COMPRA
_o.STAFF. Colección Ciencias de la Salud
980 _81
_gALBERTO SANCHEZ Responsable de Automatización